|
|
|
|
| LEADER |
00000cam a2200000 7i4500 |
| 001 |
0000082102 |
| 005 |
20040713.0 |
| 020 |
|
|
|a 9838148652
|
| 090 |
0 |
0 |
|a 700
|b RAJ
|
| 100 |
0 |
|
|a Raja Baharudin Raja Husain
|
| 245 |
1 |
0 |
|a Panorama teks pendidikan seni tingkatan 1
|c Raja Baharudin Raja Husain, Mat Aris Suradi, Syed Rukaidar Syed Isa Al-Idroes
|
| 260 |
|
|
|a Subang Jaya :
|b Pan Asia Publication Sdn.Bhd. ,
|c 2001
|
| 300 |
|
|
|a 126p. ;
|c 30cm.
|
| 650 |
0 |
0 |
|a Arts
|x PMR
|
| 700 |
0 |
|
|a Mat Aris Suradi
|
| 700 |
0 |
|
|a Syed Rukaidar Syed Isa Al Idroes
|
| 999 |
|
|
|a 00177189
|b BUKU
|c PINJAMAN
|e PERPUSTAKAAN KOMUNITI PETALING JAYA
|